Красная азбука природы Ярославского края (Запись № 11963113)

Подробности
000 -МАРКЕР
контрольное поле 02278nam1a2200325 i 4500
001 - ИДЕНТИФИКАТОР ЗАПИСИ
контрольное поле RU\NLR\BIBL_A\011494390
005 - ИДЕНТИФИКАТОР ВЕРСИИ
контрольное поле 20240921175640.0
010 ## - МЕЖДУНАРОДНЫЙ СТАНДАРТНЫЙ НОМЕР КНИГИ (ISBN)
Номер (ISBN) 9785000891834
035 ## - ДРУГИЕ СИСТЕМНЫЕ НОМЕРА
Идентификатор записи (NLR Aleph) 011494390
100 ## - ДАННЫЕ ОБЩЕЙ ОБРАБОТКИ
Данные общей обработки 20171004g20179999c y0rusy50 ca
101 0# - ЯЗЫК РЕСУРСА
Язык текста, звукозаписи и т.д. русский
102 ## - СТРАНА ПУБЛИКАЦИИ ИЛИ ПРОИЗВОДСТВА
Страна публикации российская федерация
105 ## - ПОЛЕ КОДИРОВАННЫХ ДАННЫХ: ТЕКСТОВЫЕ МАТЕРИАЛЫ, МОНОГРАФИЧЕСКИЕ
Кодированные данные о монографическом текстовом документе j
200 1# - ЗАГЛАВИЕ И СВЕДЕНИЯ ОБ ОТВЕТСТВЕННОСТИ
Основное заглавие Красная азбука природы Ярославского края
Сведения, относящиеся к заглавию [учебно-методический комплекс
-- учебное пособие
Первые сведения об ответственности идея, составление: Михаил Макаров, Елена Макарова
Последующие сведения об ответственности ответственный редактор: доктор педагогических наук, профессор Светлана Григорьевна Макеева
-- вступительное слово: Татьяна Гаврилова, Светлана Макеева
-- стихотворения: Сергей Молоков, Михаил Макаров]
-- картинки Анны Макаровой
210 ## - ПУБЛИКАЦИЯ, РАСПРОСТРАНЕНИЕ И ДР.
Место издания, распространения и т.д. Ярославль
Имя издателя, распространителя и т. д. РИО ЯГПУ
Дата издания, распространения и т.д. 2017
215 ## - ФИЗИЧЕСКАЯ ХАРАКТЕРИСТИКА
Размеры 25х29
225 1# - СЕРИЯ
Основное заглавие серии Совместный проект Городского фонда содействия развитию Ярославля и ФГБОУ ВО "Ярославский государственный педагогический университет им. К. Д. Ушинского"
225 1# - СЕРИЯ
Основное заглавие серии Год экологии в России, 2017
606 1# - НАИМЕНОВАНИЕ ТЕМЫ КАК ПРЕДМЕТ
Наименование темы Живая природа
Формальный подзаголовок Учебные издания для средней школы
Географический подзаголовок Ярославская область
Системный номер авторитетной/нормативной записи 2618824
Идентификатор авторитетной/нормативной записи RU\NLR\AUTH\661555384
686 1# - ИНДЕКСЫ ДРУГИХ КЛАССИФИКАЦИЙ
Индекс Е085(2Р344-4Яр) я72
702 #1 - ИМЯ ЛИЦА - ВТОРИЧНАЯ ОТВЕТСТВЕННОСТЬ
Код отношения Составитель
Графика поля Кириллица
Материалы, к которым относится поле rus
Начальный элемент ввода Макаров
Часть имени, кроме начального элемента ввода М. А.
Дополнения к именам, кроме дат автор стихов
Расширение инициалов личного имени Михаил А
Системный номер авторитетной/нормативной записи 180615
Идентификатор авторитетной/нормативной записи RU\NLR\AUTH\770180666
702 #1 - ИМЯ ЛИЦА - ВТОРИЧНАЯ ОТВЕТСТВЕННОСТЬ
Код отношения Редактор
Графика поля Кириллица
Материалы, к которым относится поле rus
Начальный элемент ввода Макеева
Часть имени, кроме начального элемента ввода С. Г.
Дополнения к именам, кроме дат д-р пед. наук
Расширение инициалов личного имени Светлана Григорьевна
Системный номер авторитетной/нормативной записи 197404
Идентификатор авторитетной/нормативной записи RU\NLR\AUTH\770197455
702 #1 - ИМЯ ЛИЦА - ВТОРИЧНАЯ ОТВЕТСТВЕННОСТЬ
Код отношения Иллюстратор
Графика поля Кириллица
Материалы, к которым относится поле rus
Начальный элемент ввода Макарова
Часть имени, кроме начального элемента ввода А. М.
Дополнения к именам, кроме дат иллюстратор
Расширение инициалов личного имени Анна М
Системный номер авторитетной/нормативной записи 180623
Идентификатор авторитетной/нормативной записи RU\NLR\AUTH\770180674
852 ## - МЕСТОНАХОЖДЕНИЕ И ШИФР ХРАНЕНИЯ
Идентификатор организации NLR
Шифр хранения (Call Number) 2017-8/2989
942 ## - ДОПОЛНИТЕЛЬНЫЕ ЭЛЕМЕНТЫ ЗАПИСИ (АБИС)
Тип экземпляра АБИС Книга
980 ## - КОЛЛЕКЦИЯ
Название коллекции НБР

Нет доступных экземпляров.